UNITED rations development fund for women

Bewaard in:
Bibliografische gegevens
Hoofdauteur: edited by Oil extraction/ United Nations Development for women
Formaat: Boek
Taal:Engels
Gepubliceerd in: UNIFEM 1987
Tags: Voeg label toe
Geen labels, Wees de eerste die dit record labelt!

MARC

LEADER 00000nam a22000007a 4500
008 210616b ||||| |||| 00| 0 eng d
100 |a edited by Oil extraction/ United Nations Development for women 
245 |a UNITED rations development fund for women  |c edited by Oil extraction/ United Nations Development for women.  |e Food Cycle Technology Source Book   |f No, 1 
250 |c edited by Oil extraction/ United Nations Development for women 
260 |b UNIFEM  |c 1987  |h New York  |i 661068  |l TP670 .Un3  |m Oils and fats. 
942 |a lcc  |c BK  |e YUNUSA, A.A.  |f 16/6/21 
952 |0 0  |1 0  |2 lcc  |4 0  |6 TP0670 U N3  |7 0  |9 2621  |a HOL  |b HOL  |c QZ  |d 2021-06-16  |l 0  |o TP670 .Un3   |p 2021-6469  |r 2021-06-16 00:00:00  |w 2021-06-16  |y BK 
999 |c 1370  |d 1370